书目信息 |
| 题名: |
木糖醇生产技术问答
|
|
| 作者: | 任鸿钧 编著 | |
| 分册: | ||
| 出版信息: | 北京 化学工业出版社 2008 |
|
| 页数: | 251页 | |
| 开本: | 21cm | |
| 丛书名: | ||
| 单 册: | ||
| 中图分类: | TS245.8 | |
| 科图分类: | ||
| 主题词: | 木糖醇--生产工艺 , 木糖醇 | |
| 电子资源: | ||
| ISBN: | 978-7-122-02089-5 | |
| 000 | 00870nam0 2200241 45 | |
| 001 | 1029964312 | |
| 005 | 20100429095137.15 | |
| 010 | @a978-7-122-02089-5@dCNY25.00 | |
| 100 | @a20100420d2008 em y0chiy0120 ea | |
| 101 | 0 | @achi |
| 102 | @aCN@b110000 | |
| 105 | @ay z 000yy | |
| 106 | @ar | |
| 200 | 1 | @a木糖醇生产技术问答@AMu Tang Chun Sheng Chan Ji Shu Wen Da@f任鸿钧编著@FRen Hong Jun Bian Zhu |
| 210 | @a北京@c化学工业出版社@d2008 | |
| 215 | @a251页@d21cm | |
| 330 | @a本书对木糖醇的生产工艺、工艺参数、生产设备、木糖醇生产的环境保护以及木糖醇生产过程中原料、辅料、半成品、成品的分析检测,特别是对生产工艺操作、操作中易出现的问题和解决的办法做了系统、详尽的叙述。 | |
| 606 | 0 | @a木糖醇@x生产工艺 |
| 606 | 0 | @a木糖醇 |
| 690 | @aTS245.8@v4 | |
| 701 | 0 | @a任鸿钧@ARen Hong Jun@4编著 |
| 801 | 0 | @aCN@bTANGWEI@c20100429 |
| 905 | @b0594960-64@dTS245.8@e136@f5 | |
| 木糖醇生产技术问答/任鸿钧编著.-北京:化学工业出版社,2008 |
| 251页;21cm |
| ISBN 978-7-122-02089-5:CNY25.00 |
| 本书对木糖醇的生产工艺、工艺参数、生产设备、木糖醇生产的环境保护以及木糖醇生产过程中原料、辅料、半成品、成品的分析检测,特别是对生产工艺操作、操作中易出现的问题和解决的办法做了系统、详尽的叙述。 |
| ● |
| 相关链接 |
|
|
|
|
正题名:木糖醇生产技术问答
索取号:TS245.8/136
 
预约/预借
| 序号 | 登录号 | 条形码 | 馆藏地/架位号 | 状态 | 备注 |
| 1 | 0594960 | 205949606 | 第二样本阅览室/ [索取号:TS245.8/136] | 在馆 | |
| 2 | 0594961 | 205949615 | 第三借阅区/ [索取号:TS245.8/136] | 在馆 | |
| 3 | 0594962 | 205949624 | 第三借阅区/ [索取号:TS245.8/136] | 在馆 | |
| 4 | 0594963 | 205949633 | 第三借阅区/ [索取号:TS245.8/136] | 在馆 | |
| 5 | 0594964 | 205949642 | 第三借阅区/ [索取号:TS245.8/136] | 在馆 |